000
00237nam a22000857a 4500
008
160706b xxu||||| |||| 00| 0 eng d
100
_9
2357
_a
Morrison, R.T., et al
245
_a
Organic Chemistry
260
_a
United State
_b
Prentine Hall
_c
1992
999
_c
2033
_d
2033